|
|
|
|
| LEADER |
00000nam a2200000 a 4500 |
| 001 |
UCL8307 |
| 003 |
CL-VaPUC |
| 008 |
040618e19980000FR |||||||||||||||||spa|d |
| 020 |
|
|
|a 2275016805
|
| 041 |
0 |
7 |
|a spa
|2 CL-VaPUC
|
| 041 |
0 |
7 |
|a fre
|2 CL-VaPUC
|
| 082 |
0 |
4 |
|a 340.03
|b MER
|2 21
|
| 100 |
|
|
|a Merlin Walch, Olivier
|e autor
|9 486231
|
| 245 |
1 |
0 |
|a Dictionnaire juridique francais-espagnol
|
| 246 |
1 |
0 |
|a Diccionario jurídico español-francés
|
| 250 |
|
|
|a 4a. ed
|
| 300 |
|
|
|a 1150 p
|
| 942 |
|
|
|c BK
|
| 945 |
|
|
|d 20040618 00:00:00
|a cmena
|
| 260 |
|
|
|a París
|b L.G.D.J
|c 1998
|
| 650 |
|
7 |
|a DERECHO
|2 CL-VaPUC
|9 486232
|
| 650 |
|
0 |
|a Diccionarios
|9 256200
|
| 650 |
|
0 |
|a Glosarios
|9 261047
|
| 650 |
|
7 |
|a TERMINOLOGIA JURIDICA
|2 CL-VaPUC
|9 405257
|
| 583 |
|
|
|a last modification
|c 20040618 00:00:00
|k Rodrigo Vera
|
| 999 |
|
|
|c 309656
|d 309654
|
| 952 |
|
|
|0 0
|1 0
|4 0
|6 340_030000000000000_MER_1998
|7 0
|8 F
|9 377300
|a BIBDER
|b BIBDER
|d 2019-11-21
|i 4027531
|o 340.03 MER 1998
|p 4027531
|r 2023-01-25
|w 2019-11-21
|y BK_F
|k DER
|